01007nam a22002537a 4500001001000000003001100010005001700021008004100038040001800079050001900097082001000116100003800126240005600164245004600220250004000266260004700306300003500353500005200388501002200440505012600462650004200588651005100630700007200681BRCA_9273FranzMayer20230719141422.0230719b |||||||| |||| 00| 0 eng d aMFMbespcMFM 4aLE54bM87 1753 2BF4081 4AutoraMuratori, Lodovico Antonio1 aDella Forza Della Fantasia Umana Trattatolitaliano0 aDella Forza Della Fantasia Umana Trattato aSegunda ediciónbEdizione seconda aVenecia, ItaliabGiambatista Pasqualic173 a212 pbilustracionesc17.5 com aAlgunas hojas están dañadas de las esquinas aLicencia superior0 aTexto en: italianoDirigido a: psicólogos, doctores, investigadores, pedagogos, psiquiatras Incluye índice temático1 2PsicologíaaImaginaciónvTratados2 2Procesos creativosaImaginaciónvInvención1 4ResponsableaModerna di DucaqBibliotecario del Serenissimo SIgnor